Online katalóg knižníc regiónu Turca

Opäť ľúbiť (Record no. 22186)

MARC details
000 -LEADER
fixed length control field 01468cam a2200409 a 4500
001 - CONTROL NUMBER
control field 22186
003 - CONTROL NUMBER IDENTIFIER
control field VRT
005 - DATE AND TIME OF LATEST TRANSACTION
control field 20260321121028.0
008 - FIXED-LENGTH DATA ELEMENTS--GENERAL INFORMATION
fixed length control field 240226s1999 xo a 000 f slo
015 ## - NATIONAL BIBLIOGRAPHY NUMBER
National bibliography number SNBA1999/06-02239
020 ## - INTERNATIONAL STANDARD BOOK NUMBER
International Standard Book Number 8022009296
035 ## - SYSTEM CONTROL NUMBER
System control number SNK000314072
035 ## - SYSTEM CONTROL NUMBER
System control number urn:nbn:sk:snk-amkj9w
035 ## - SYSTEM CONTROL NUMBER
System control number urn:nbn:sk:snk-am008htt
035 ## - SYSTEM CONTROL NUMBER
System control number 11BCBB4A-791F-4D24-B7A7-352A8A49326B
039 #9 - LEVEL OF BIBLIOGRAPHIC CONTROL AND CODING DETAIL [OBSOLETE]
Level of rules in bibliographic description 202402261532
Level of effort used to assign nonsubject heading access points VLOAD
Level of effort used to assign subject headings 202205120801
Level of effort used to assign classification VLOAD
Level of effort used to assign subject headings 202205112033
Level of effort used to assign classification csnk01
Level of effort used to assign subject headings 201911101908
Level of effort used to assign classification AUTHORITY
040 ## - CATALOGING SOURCE
Original cataloging agency SNK
Language of cataloging slo
Original cataloging agency SNK
Description conventions AACR2
041 1# - LANGUAGE CODE
Language code of text/sound track or separate title slo
Language code of original eng
044 ## - COUNTRY OF PUBLISHING/PRODUCING ENTITY CODE
MARC country code xo
ISO country code SK
100 1# - MAIN ENTRY--PERSONAL NAME
Personal name Steel, Danielle,
Dates associated with a name 1947-
Relationship aut
240 10 - UNIFORM TITLE
Uniform title To love again
Language of a work Slovensky
245 10 - TITLE STATEMENT
Title Opäť ľúbiť
Statement of responsibility, etc. Danielle Steel ; [z anglického originálu To love again ... preložila Jana Krejčíková]
250 ## - EDITION STATEMENT
Edition statement 2. vyd.
260 ## - PUBLICATION, DISTRIBUTION, ETC.
Place of publication, distribution, etc. Bratislava
Name of publisher, distributor, etc. Slovenský spisovateľ
Date of publication, distribution, etc. 1999
300 ## - PHYSICAL DESCRIPTION
Extent 192 s.
Dimensions 21 cm
655 #7 - INDEX TERM--GENRE/FORM
Genre/form data or focus term americké romány
Source of term SNKPH
655 #7 - INDEX TERM--GENRE/FORM
Genre/form data or focus term spoločenské romány
Source of term SNKPH
655 #7 - INDEX TERM--GENRE/FORM
Genre/form data or focus term ľúbostné romány
Source of term SNKPH
700 1# - ADDED ENTRY--PERSONAL NAME
Personal name Krejčíková, Jana,
Dates associated with a name 1951-2004
Relationship trl
910 ## - USER-OPTION DATA (OCLC)
User-option data snk
942 ## - ADDED ENTRY ELEMENTS (KOHA)
Source of classification or shelving scheme Dewey Decimal Classification
Koha item type Krásna literatúra pre dospelých
Suppress in OPAC No
949 ## - LOCAL PROCESSING INFORMATION (OCLC)
6 273K0104233
a svkpoA 174656
b svkpo434984
949 ## - LOCAL PROCESSING INFORMATION (OCLC)
6 270001000010710
a svkbbA 98915
p 624.352
949 ## - LOCAL PROCESSING INFORMATION (OCLC)
6 2889106334
a savukPV 1674
949 ## - LOCAL PROCESSING INFORMATION (OCLC)
6 17A0191130
9 P60, <03>, [BOOK], {603}
a snkSC 98427
b snkKSP 4378/99
s 6100:20140925
949 ## - LOCAL PROCESSING INFORMATION (OCLC)
6 17A0191131
9 P60, <05>, [BOOK], {605}
a snkSC 98427 D1
b snkKSP 4379/99
Holdings
Stav vyradenia Strata Poškodenie Spôsob nadobudnutia Domovská knižnica Aktuálna knižnica Dátum nadobudnutia Total checkouts Čiarový kód exemplára Date last seen Typ exemplára
      Dar Obecná knižnica Horná Štubňa Obecná knižnica Horná Štubňa 21.03.2026   9788022009294 21.03.2026 Krásna literatúra pre dospelých
Projekt je podporený Slovenskou asociáciou knižníc
Prevádzkuje Turčianska knižnica Martin 2026